| 000 | 00972nam a22002894i 4500 | ||
|---|---|---|---|
| 999 |
_c45426 _d45426 |
||
| 001 | 19048 | ||
| 003 | CO-MdFUSB | ||
| 005 | 20181006084723.0 | ||
| 008 | 180227s1956 enk||||| |||| 00| 0 eng d | ||
| 040 |
_aCO-MdFUSB _bspa _cCO-MdFUSB _dCO-MdFUSBC _erda |
||
| 041 | _aeng | ||
| 082 | 0 | 4 |
_aG 227.01 _223 _bC1361p |
| 100 | 1 |
_aCaird, G. B. _eautor |
|
| 245 | 0 |
_aPrincipalities and powers _b : A study in pauline theology _c/ G. B. Caird |
|
| 264 | 1 |
_aOxford, England : _bOxford at the Clarendon Press, _c℗[1956] |
|
| 264 | 4 | _c©1956 | |
| 300 |
_axi, 106 páginas ; _c19 cm |
||
| 336 |
_2rdacontent _atexto _btxt |
||
| 337 |
_2rdamedia _asin mediación _bn |
||
| 338 |
_2rdacarrier _avolumen _bnc |
||
| 501 | _aPasta dura | ||
| 505 | 0 | 0 | _aEl gobierno de la época - El gran acusador - La esclavitud de la corrupción - Lo que los gobernantes no sabían |
| 650 | 7 |
_aTeología bíblica _9320 |
|
| 653 | _a Iglesia y esclavitud | ||
| 942 | _cBK | ||